000 00302nam a2200121Ia 4500
008 190216s9999||||xx |||||||||||||| ||und||
100 _aGhosh B N
245 0 _aDisguised Un Employment In Under Developed Countries
260 _bHeritage Pubs
_c1977
300 _a152p
650 _aCommerce
942 _cBK
999 _c4423
_d4423